|
|
|
|
| LEADER |
00000nta a2200000 i 4500 |
| 001 |
dolg37845 |
| 005 |
20211022131028.0 |
| 008 |
211022s2014 hu om 000 hun d |
| 040 |
|
|
|a BGE Dolgozattár Repozitórium
|b hun
|
| 041 |
|
|
|a hu
|
| 100 |
1 |
|
|a Nyers Bernadett
|
| 245 |
1 |
3 |
|a Az ország kincses szigete?
|b A sziget fesztivál, mint gazdasági tényező
|c Nyers Bernadett
|h [elektronikus dokumentum]
|
| 260 |
|
|
|c 2014
|
| 695 |
|
|
|a Kulturális élet
|
| 695 |
|
|
|a Sziget Fesztivál
|
| 700 |
1 |
|
|a Nincs adat Nincs adat
|e ths
|
| 856 |
4 |
0 |
|u http://dolgozattar.uni-bge.hu/37845/1/D_17036_Z22Q0S%20-%20Nyers%20Bernadett.pdf
|z Dokumentum-elérés
|